000 00345nam a2200133Ia 4500
005 20260328104308.0
008 260328s9999||||xx |||||||||||||| ||und||
100 _aSánchez, Claudio
245 0 _aUna Ciudad Hispano- cristiana hace un milenio /
_cClaudio Sánchez
260 _bNova
300 _a186 p.
650 _aARGENTINA
942 _cBK
999 _c10849
_d10849